Statistics for Största städerna på H i Nordamerika, enligt bild

Click here to take the quiz!

General Stats

  • This quiz has been taken 3 times
  • The average score is 5 of 20

Answer Stats

Answer% Correct
Houston
100%
Halifax
67%
Hamilton
67%
Havanna
67%
Hollywood
67%
Hartford
33%
Henderson
33%
Hermosillo
33%
{Huehue}tenango
33%
{Hacienda} Santa Fe
0%
Hampton
0%
Hayward
0%
Heredia
0%
Hialeah
0%
Hidalgo del {Parral}
0%
High {Point}
0%
Hillsboro
0%
Holguín
0%
{Huntington} Beach
0%
Huntsville
0%

Score Distribution

Percentile by Number Answered

Percent of People with Each Score

Your Score History

You have not taken this quiz